Sports Quiz

Random Sports or WWE Quiz

WWE Pay-Per-View Title Changes, Pt. 3 Quiz Stats

 Plays Quiz not verified by Sporcle

Support Sporcle.
Go Orange.
Score 0/79 Timer 10:00
0 Plays Today
Event Title Winner % Correct
Battleground '17Kofi Kingston
97.5%
SummerSlam '17Seth Rollins
97.5%
WrestleMania XXXIVSeth Rollins
97.5%
SummerSlam '18Seth Rollins
97.5%
Hell in a Cell '18Becky Lynch
97.5%
Elimination Chamber '19Bayley
97.5%
WrestleMania XXXVSeth Rollins
97.5%
WrestleMania XXXVKofi Kingston
97.5%
WrestleMania XXXVBecky Lynch
97.5%
Money in the Bank '19Bayley
97.5%
SummerSlam '19Seth Rollins
97.5%
Extreme Rules '17The Miz
96.7%
SummerSlam '17Sasha Banks
96.7%
Royal Rumble '19The Miz
96.7%
Elimination Chamber '19Sasha Banks
96.7%
Super ShowDown '20The Miz
96.7%
Super ShowDown '20Goldberg
96.7%
Battleground '17Xavier Woods
95.9%
SummerSlam '18Charlotte Flair
95.9%
SummerSlam '18Roman Reigns
95.9%
Money in the Bank '19Charlotte Flair
95.9%
Extreme Rules '19Big E.
95.9%
Extreme Rules '19Xavier Woods
95.9%
Hell in a Cell '19Charlotte Flair
95.9%
SummerSlam '17Dean Ambrose
95%
Greatest Royal RumbleBray Wyatt
95%
TLC '18Dean Ambrose
95%
TLC '18Asuka
95%
Hell in a Cell '19Asuka
95%
Crown Jewel '19The Fiend
95%
SummerSlam '18Ronda Rousey
94.2%
Crown Jewel '18Brock Lesnar
94.2%
Extreme Rules '19Brock Lesnar
94.2%
Elimination Chamber '20Sami Zayn
94.2%
Payback '17Alexa Bliss
93.4%
Hell in a Cell '17Jimmy Uso
93.4%
Hell in a Cell '17Jey Uso
93.4%
Money in the Bank '18Alexa Bliss
93.4%
Elimination Chamber '19Jimmy Uso
93.4%
Elimination Chamber '19Jey Uso
93.4%
Event Title Winner % Correct
Extreme Rules '19AJ Styles
93.4%
Super ShowDown '20John Morrison
93.4%
WrestleMania XXXIVBraun Strowman
92.6%
Battleground '17Kevin Owens
91.7%
Fastlane '18Randy Orton
90.9%
Hell in a Cell '19Kairi Sane
90.9%
Extreme Rules '17Sheamus
90.1%
Royal Rumble '18Sheamus
90.1%
Extreme Rules '17Cesaro
89.3%
Clash of Champions '17Dolph Ziggler
89.3%
Royal Rumble '18Cesaro
89.3%
Greatest Royal RumbleMatt Hardy
89.3%
Clash of Champions '19Dolph Ziggler
89.3%
WrestleMania XXXIVLuke Harper
88.4%
WrestleMania XXXIVErick Rowan
88.4%
WrestleMania XXXVPeyton Royce
88.4%
Backlash '17Jinder Mahal
87.6%
WrestleMania XXXIVJinder Mahal
87.6%
WrestleMania XXXIVNia Jax
87.6%
Royal Rumble '19Shane McMahon
86.8%
WrestleMania XXXVBillie Kay
86.8%
Clash of Champions '19Robert Roode
85.1%
Elimination Chamber '19Finn Balor
83.5%
WrestleMania XXXVFinn Balor
83.5%
WrestleMania XXXIVNicholas
80.2%
EvolutionShayna Baszler
79.3%
Money in the Bank '19Rey Mysterio
79.3%
Super ShowDown '18Buddy Murphy
78.5%
Extreme Rules '18Shinsuke Nakamura
77.7%
No Mercy '17Enzo Amore
76%
TLC '17Enzo Amore
76%
SummerSlam '17Natalya
75.2%
Clash of Champions '19Dash Wilder
71.9%
Stomping GroundsRicochet
69.4%
Payback '17Chris Jericho
68.6%
Clash of Champions '19Scott Dawson
68.6%
Hell in a Cell '17Baron Corbin
66.9%
Extreme Rules '18Curtis Axel
62.8%
Extreme Rules '18Bo Dallas
61.2%

You're not logged in!

Compare scores with friends on all Sporcle quizzes.
OR
Log In

From the Vault

Checkboxes: Historical Figures

by Chenchilla

We'll check you later, we've got some quizzes to play.
Remove Ads.
Support Sporcle.
Get the best of Sporcle when you Go Orange. This ad-free experience offers more features, more stats, and more fun while also helping to support Sporcle. Thank you for becoming a member.

Show Comments

Extras

Top Quizzes Today


Score Distribution

Your Account Isn't Verified!

In order to create a playlist on Sporcle, you need to verify the email address you used during registration. Go to your Sporcle Settings to finish the process.

Report this User

Report this user for behavior that violates our Community Guidelines.

Details: